Estatísticas para Quiz de Israel

Clique aqui para jogar o quiz

Estatísticas Gerais

  • Esse quiz foi jogado 952 vezes
  • A pontuação média é 10 de 20

Estatísticas das Respostas

DicaResposta% Correto
Capital de Israel reconhecido pelo governo israelenseJerusalém
97%
Língua oficialHebraico
83%
Objeto que aparece na bandeira israelenseEstrela de {Davi}
79%
Os dois mares principais que fazem fronteira com IsraelMar Vermelho
79%
Os dois mares principais que fazem fronteira com IsraelMar Mediterrâneo
77%
Mar encontrado a 430 metros abaixo do nível do marMar Morto
75%
Maiores cidades na costa israelenseTel Aviv
75%
Rio encontrado na fronteira oriental de IsraelRio Jordão
51%
Península que Israel retornou ao Egito em 1982Sinai
51%
Guerra lutada por Israel em 1967Guerra dos
{Seis} {Dias}
45%
Região disputada com a SíriaColinas de {Golã}
43%
"-ismo" definido como o apoio de uma pátria judaica na Terra Santa{Sion}ismo
39%
Maiores cidades na costa israelenseHaifa
32%
Nome da agência nacional de inteligência de IsraelMossad
32%
Guerra lutada por Israel em 1973Guerra do
{Yom} {Kippur}
30%
Corpo de Água que Jesus caminhou (de acordo com a Bíblia)Mar da Galileia
30%
Moeda oficialShekel
24%
Nome do parlamento israelenseKnesset
17%
Os dois israelenses que compartilharam o Prêmio Nobel da Paz
com Yasser Arafat em 1994 (nomeie qualquer um)
Yitzhak Rabin /
Shimon Peres
17%
Deserto na parte sul de IsraelNeguev
16%

Distribuição das Pontuações

Percentil de Números Respondidos

Porcentagem de Pessoas com Cada Pontuação

Sua Pontuação Histórica

Você não jogou esse quiz